00862nam a2200265Ia 4500008004100000020001800041050001700059050001400076100002200090245003500112245002700147245005800174260001700232260002000249260000900269300001600278300002000294300001100314650002600325650002600351650003400377650004400411999001900455952012200474160303s9999 xx 000 0 und d a971-584-393-X aFIL KPM 1750 b.T87 2005 aTupaz, Antonio R. aConstitutional law reviewer :  bproblems and answers / cAntonio R. Tupaz ; foreword by Hilario G. Davide, Jr. aQuezon City: bC & E Pub.Inc., c2005 a460 pages : billustrations ; c22 cm. aConstitutional law -- aConstitutional law -- xExaminations, questions, etc. xPhilippines -- Probems, exercises, etc. c291429d291429 001040aSMCbSMCcFILd2006-06-20g495.00l0oFIL KPM 1750 .T87 2005pSMC03208r2016-03-03 00:00:00w2016-03-03yBK